000 00699cam a2200289ua 4500
020 _c9.00
041 _amal
_h
082 _a635.01
_bAPP/UD
100 _aAppukkuttan nair, P.
245 _aUdyana krishi /
_cAppukkuttan Nair.
_hTextual Documents
260 _aThiruvananthapuram :
_bState Instititute of Languages ,
_c1976.
300 _a146 ; .
365 _a9.00
504 _a
942 _cBK
999 _c6230
_d6230